| 000 | 00709cam a2200205 4500 | ||
|---|---|---|---|
| 001 | X103079 | ||
| 008 | 000000n1999 000 0 eng u | ||
| 035 | _a(Sirsi) u103079 | ||
| 245 | _aGeraghty & Co v Awwad | ||
| 260 | _c1999 | ||
| 490 |
_aNew Property Cases _v [1999] NPC 148, 27 November 1999 |
||
| 520 | _aCA 25 November 1999. A complex analysis of a solicitor's entitlement to a contingency fee in September 1993. TAKEN FROM JOURNAL HEADNOTE - NO PHOTOCOPYING ALLOWED. | ||
| 650 | _aGERAGHTY & CO V AWWAD | ||
| 650 | _aSOLICITORS FEES | ||
| 650 | _aCONTINGENCY FEES | ||
| 650 | _aACCESS TO JUSTICE ACT 1999 | ||
| 650 | _aSOLICITORS PRACTICE RULES 1990 | ||
| 690 | _aLAW-CASE LAW | ||
| 942 | _n0 | ||
| 999 |
_c61947 _d61947 |
||